Statistics for Bruno Mars Songs

Click here to take the quiz!

General Stats

  • This quiz has been taken 53 times
  • The average score is 19 of 39

Answer Stats

HintAnswer% Correct
Doo-Wops & HooligansGrenade
92%
24K Magic24K Magic
88%
Unorthodox JukeboxWhen I Was Your Man
75%
An Evening With Silk SonicLeave The Door Open
63%
Doo-Wops & HooligansTalking to the Moon
63%
Unorthodox JukeboxLocked out of Heaven
58%
24K MagicThat's What I Like
58%
Doo-Wops & HooligansThe Lazy Song
58%
An Evening With Silk SonicAfter Last Night
54%
Doo-Wops & HooligansMarry You
54%
An Evening With Silk SonicSkate
54%
An Evening With Silk SonicSmokin Out The Window
54%
Unorthodox JukeboxGorilla
50%
Doo-Wops & HooligansRunaway Baby
50%
Unorthodox JukeboxTreasure
50%
An Evening With Silk Sonic777
46%
24K MagicChunky
46%
Doo-Wops & HooligansJust the Way You Are
46%
Doo-Wops & HooligansLiquor Store Blues
46%
Unorthodox JukeboxNatalie
46%
24K MagicToo Good to Say Goodbye
46%
Unorthodox JukeboxYoung Girls
46%
An Evening With Silk SonicBlast Off
42%
24K MagicCalling All My Lovelies
42%
Doo-Wops & HooligansCount on Me
42%
24K MagicFinesse
42%
Unorthodox JukeboxIf I Knew
42%
An Evening With Silk SonicLove's Train
42%
24K MagicVersace on the Floor
42%
Unorthodox JukeboxMoney Make Her Smile
38%
Unorthodox JukeboxMoonshine
38%
24K MagicPerm
38%
An Evening With Silk SonicPut On A Smile
38%
An Evening With Silk SonicSilk Sonic Intro
38%
24K MagicStraight Up & Down
38%
An Evening With Silk SonicFly As Me
33%
Unorthodox JukeboxShow Me
33%
Doo-Wops & HooligansThe Other Side
33%
Doo-Wops & HooligansOur First Time
29%

Score Distribution

Percentile by Number Answered

Percent of People with Each Score

Your Score History

You have not taken this quiz